000 00587nam a2200229Ia 4500
003 OSt
005 20221005120628.0
006 a|||||r|||| 00| 0
007 ta
008 221004b |||||||| |||| 00| 0 mal d
024 _a57028
037 _cTextual
040 _aCRL
_cCRL
_bmal
041 _2mal
_amal
082 _aO32,3N14,32, K4
100 _aPillai Siva Sankara
_9629428
245 0 _aEnippatical
260 _c1964
650 _aMALAYALAM FICTION
_9183428
942 _hO32,3N14,32, K4
_cTEXL
_2cc
999 _c1038609
_d1038609